LEADER 01345nam a2200289 i 4500 001 000000129607 003 CaOOAMICUS 005 20070801000000.0 008 070801s2007 it u000 u ita u 013 $a102340 020 $a978-88-399-0988-5 040 $aSeMil$bita 100 1 $aGrillo, Andrea,$d<1961- >.$0(OLS)http://semarc/name/2664 245 10$aOltre Pio 5. :$bla riforma liturgica nel conflitto di interpretazioni /$cAndrea Grillo ; prefazione di Crispino Valenziano. 260 $aBrescia :$bQueriniana,$ccopyr. 2007. 300 $a133 p. ;$c20 cm. 490 0 $aNuovi saggi Queriniana ;$v88 600 04$aPio V .$0(OLS)http://semarc/subject/11126 650 4$aPio V - Riforma liturgica.$0(OLS)http://semarc/subject/25615 700 1 $aValenziano, Crispino,$d<1932- >.$0(OLS)http://semarc/name/6318 830 0$aNuovi saggi Queriniana ;$v88.$0(OLS)http://semarc/title/10209 850 $aSeMil 852 $aSeMil$W1$xVenegono$y1$m3K III 505$j83720$B83720$CSeMilBibl$Z2$F127038 $81 961 $aAcquisto: DEA 996 $6020$a978-88-399-0988-5$9(OLS)http://semarc/number/116401 996 $6245$aOltre Pio 5. :$bla riforma liturgica nel conflitto di interpretazioni$9(OLS)http://semarc/title/191232 996 $6260$aBrescia :$bQueriniana$9(OLS)http://semarc/publisher/29615 LEADER 00666nam a2200169 i 4500 001 000000216418 003 CaOOAMICUS 005 20121018000000.0 008 121018s1669 xx u000 u fre u 013 $a195308 040 $aSeMil$bita 245 10$a[2]. 300 $a[2], P. 613-970, 172, 83, [12] p. 773 0 $aNicole, Pierre <1625-1695>$tPerpetuité de la foy de l'Eglise catholique touchant l'eucharistie, deffendue contre le livre du sieur Claude, ..$dA Paris : Chez Charles Savreux, 1669.$g2$w()27489 850 $aSeMil 852 $aSeMil$W1$xVenegono$y1$m2D IV 34 FA$j166837$B166837$CSeMilBibl$Z2$F177666 $8I 996 $6245$a[2]$9(OLS)http://semarc/title/54267